Statistics for Biggest Animals by Category

Click here to take the quiz!

General Stats

  • This quiz has been taken 68,273 times
    (53,609 since last reset)
  • The average score is 11 of 24

Answer Stats

CategorySizeAnimal% Correct
Land animal (weight)27,000 lbsAfrican Elephant
99%
Land animal (height)20 ftGiraffe
92%
Animal420,000 lbsBlue Whale
87%
Cat (wild)700 lbsTiger
82%
Primate590 lbsEastern Lowland
Gorilla
78%
Snake (weight)550 lbsGreen Anaconda
71%
Bird (weight)340 lbsOstrich
64%
Venomous snake
(length)
19 ftKing Cobra
60%
Snake (length)28 ftReticulated Python
58%
Reptile2,900 lbsSaltwater Crocodile
53%
Lizard366 lbsKomodo Dragon
50%
Fish47,000 lbsWhale Shark
49%
Bird (wingspan)12 ftWandering Albatross
41%
Land carnivore2,210 lbsPolar Bear
or Brown Bear
40%
Rodent232 lbsCapybara
35%
Bird of prey31 lbsEurasian
Black Vulture
28%
Dog breed343 lbsEnglish Mastiff
26%
Freshwater fish3,250 lbsBeluga Sturgeon
21%
Invertebrate1,091 lbsColossal Squid
21%
Waterfowl38 lbsTrumpeter Swan
20%
Turtle2,019 lbsLeatherback Turtle
16%
Cat900 lbsLiger
16%
Arthropod (weight)44 lbsAmerican Lobster
11%
Arthropod
(arm span)
12.5 ftJapanese
Spider Crab
8%

Score Distribution

Percentile by Number Answered

Percent of People with Each Score

Your Score History

You have not taken this quiz since the last reset